[Event "WY U-16 Chess Olympiad 2019"]
[Site "Corum"]
[Date "2019.10.30"]
[Round "3"]
[White "Schonken, Christina"]
[Black "Lee, Dariya"]
[Result "0-1"]
[WhiteElo "1166"]
[BlackElo "1423"]
[Annotator "NA"]
[PlyCount "105"]
[EventDate "2019.10.28"]
[EventType "team-tourn"]
[EventCountry "TUR"]
[SourceTitle "playchess.com"]
[Source "ChessBase"]
[SourceQuality "1"]

1. c4 d6 2. Nc3 g6 3. Nf3 Bg7 4. g3 Nf6 5. Bg2 c5 6. d3 O-O 7. O-O Nc6 8. a3 Bd7 9. Bd2 Nd4 10. b4 Rb8 11. bxc5 dxc5 12. a4 Bc6 13. Nxd4 cxd4 14. Nb5 Bxg2 15. Kxg2 a6 16. Na3 Qd6 17. Nc2 Qc6+ 18. Kg1 e5 19. Nb4 Qe6 20. e3 Qh3 21. Qf3 dxe3 22. Bxe3 e4 23. dxe4 Ng4 24. Qg2 Qxg2+ 25. Kxg2 Nxe3+ 26. fxe3 Bxa1 27. Rxa1 Rfc8 28. Rc1 Rc5 29. Nd3 Ra5 30. Nb2 Re5 31. Kf3 Rbe8 32. Nd1 Rxe4 33. Rc3 f5 34. Nf2 R4e7 35. Nd1 Rd8 36. Nb2 Rd2 37. Nd3 Rxh2 38. Rb3 Rc2 39. Nb2 g5 40. g4 fxg4+ 41. Kxg4 h6 42. Kg3 h5 43. Kf3 Kg7 44. Rb6 Rc3 45. Nd1 Rxc4 46. Nb2 Rh4 47. Rb3 Rh3+ 48. Kf2 g4 49. Nd1 Rf3+ 50. Kg2 Kg6 51. Rb2 Rd7 52. Nc3 Rxe3 53. Ne2 0-1

[Event "WY U-16 Chess Olympiad 2019"]
[Site "Corum"]
[Date "2019.10.30"]
[Round "3"]
[White "Mohamed Ali S"]
[Black "Aman Deepak Thadani"]
[Result "0-1"]
[WhiteElo "1073"]
[BlackElo "1627"]
[Annotator "NA"]
[PlyCount "62"]
[EventDate "2019.10.28"]
[EventType "team-tourn"]
[EventCountry "TUR"]
[SourceTitle "playchess.com"]
[Source "ChessBase"]
[SourceQuality "1"]

1. e4 e6 2. d4 d5 3. Nc3 Nf6 4. Bg5 Be7 5. Bxf6 Bxf6 6. Nf3 O-O 7. Bd3 b6 8. e5 Be7 9. O-O c5 10. b3 Bb7 11. Re1 Nc6 12. g3 cxd4 13. Na4 a6 14. c3 dxc3 15. Nxc3 Bb4 16. Rc1 d4 17. Nxd4 Nxd4 18. Qh5 Nf3+ 19. Kf1 Qxd3+ 20. Re2 Bxc3 21. Rcc2 Qd1+ 22. Kg2 Qg1+ 23. Kh3 Qxh2+ 24. Kg4 f5+ 25. exf6 Qxh5+ 26. Kxh5 Nd4 27. Rxe6 Nxe6 28. Rxc3 Rxf6 29. f4 Rc8 30. Rd3 Rxf4 31. Rd6 Bf3+ 0-1

[Event "WY U-16 Chess Olympiad 2019"]
[Site "Corum"]
[Date "2019.10.31"]
[Round "4"]
[White "Abdusattorov, Nodirbek"]
[Black "Aronyak Ghosh"]
[Result "1-0"]
[WhiteElo "2608"]
[BlackElo "2380"]
[Annotator "TA"]
[PlyCount "57"]
[EventDate "2019.10.28"]
[EventType "team-tourn"]
[EventCountry "TUR"]
[SourceTitle "playchess.com"]
[Source "ChessBase"]
[SourceQuality "1"]

1. e4 c5 2. Nf3 d6 3. d4 cxd4 4. Nxd4 Nf6 5. Nc3 Bd7 6. Bg5 e6 7. Qd2 a6 8. O-O-O h6 9. Bxf6 Qxf6 10. f4 Nc6 11. Nxc6 Bxc6 12. Kb1 Be7 13. Qe3 Rd8 14. h4 h5 15. Be2 d5 16. e5 Qh6 17. Bf3 Rc8 18. Ne2 Qh7 19. Nd4 Bc5 20. Rc1 Ba4 21. Ka1 Bxd4 22. Qxd4 Bxc2 23. Qb4 Rc4 24. Qd6 Qd3 25. Qb8+ Ke7 26. Qxb7+ Kd8 27. Qb8+ Rc8 28. Qd6+ Ke8 29. f5 1-0

[Event "WY U-16 Chess Olympiad 2019"]
[Site "Corum"]
[Date "2019.10.31"]
[Round "4"]
[White "Galperin, Platon"]
[Black "Tarlabasi, Emirhan"]
[Result "1-0"]
[WhiteElo "2469"]
[BlackElo "2365"]
[Annotator "ChessBase"]
[PlyCount "105"]
[EventDate "2019.10.28"]
[EventType "team-tourn"]
[EventCountry "TUR"]
[SourceTitle "playchess.com"]
[Source "ChessBase"]
[SourceQuality "1"]

1. c4 e6 2. g3 Nf6 3. Bg2 d5 4. Nf3 Be7 5. O-O O-O 6. d4 dxc4 7. Qc2 a6 8. a4 Bd7 9. Rd1 Bc6 10. Bg5 a5 11. Nbd2 Na6 12. Nxc4 Nb4 13. Qb3 Be4 14. Ne1 Bxg2 15. Nxg2 c6 16. Bd2 b6 17. Nf4 Qc7 18. Rac1 Qb7 19. Ne5 Rac8 20. Nxe6 fxe6 21. Qxe6+ Kh8 22. Nf7+ Rxf7 23. Qxf7 Qd7 24. Bxb4 axb4 25. Qb3 Rf8 26. f3 h5 27. Kg2 h4 28. Qd3 Qe6 29. e4 Nh5 30. e5 c5 31. Qe4 cxd4 32. Rxd4 h3+ 33. Kf1 Qb3 34. Ke2 Qxb2+ 35. Rc2 Qb1 36. Rd1 Qb3 37. Rcd2 Bc5 38. Rd8 Qxa4 39. f4 Qb5+ 40. Kf3 b3 41. Kg4 g6 42. Qxg6 Ng7 43. R1d7 Qe2+ 44. Kh4 Qh5+ 45. Qxh5+ Nxh5 46. Rxf8+ Bxf8 47. Kxh5 b2 48. Rd1 Kg7 49. Rb1 Ba3 50. Kg5 Kf7 51. Kf5 b5 52. Ke4 Ke7 53. Kd5 1-0

[Event "WY U-16 Chess Olympiad 2019"]
[Site "Corum"]
[Date "2019.10.31"]
[Round "4"]
[White "Alexakis, Dimitris"]
[Black "Murzin, Volodar"]
[Result "1/2-1/2"]
[WhiteElo "2459"]
[BlackElo "2433"]
[Annotator "ChessBase"]
[PlyCount "71"]
[EventDate "2019.10.28"]
[EventType "team-tourn"]
[EventCountry "TUR"]
[SourceTitle "playchess.com"]
[Source "ChessBase"]
[SourceQuality "1"]

1. e4 c6 2. Nc3 d5 3. Nf3 Bg4 4. h3 Bxf3 5. Qxf3 e6 6. Be2 Nf6 7. O-O Nbd7 8. d4 Nxe4 9. Nxe4 dxe4 10. Qxe4 Nf6 11. Qd3 Bd6 12. Bf3 Qc7 13. c3 O-O 14. Re1 Bf4 15. Bxf4 Qxf4 16. Re5 Rad8 17. Rae1 Qh6 18. Kh2 g6 19. g3 Rd6 20. Kg2 Qg7 21. Qe3 Rfd8 22. h4 Nd5 23. Qe2 h6 24. Bg4 Nf6 25. Bf3 Nd5 26. Qd2 a6 27. Qc2 Nf6 28. b4 Nd5 29. a4 Qf6 30. a5 Qg7 31. Be2 Nf6 32. Bc4 Nd5 33. Qc1 Nf6 34. f3 Nd5 35. g4 Kf8 36. Bd3 1/2-1/2

[Event "WY U-16 Chess Olympiad 2019"]
[Site "Corum"]
[Date "2019.10.31"]
[Round "4"]
[White "Muradli, Mahammad"]
[Black "Talukdar, Rohan"]
[Result "1-0"]
[WhiteElo "2459"]
[BlackElo "2369"]
[Annotator "ChessBase"]
[PlyCount "117"]
[EventDate "2019.10.28"]
[EventType "team-tourn"]
[EventCountry "TUR"]
[SourceTitle "playchess.com"]
[Source "ChessBase"]
[SourceQuality "1"]

1. c4 Nf6 2. Nc3 d5 3. cxd5 Nxd5 4. Nf3 g6 5. Qb3 Nb6 6. d4 Bg7 7. e4 O-O 8. Be3 c6 9. Rd1 Bg4 10. Be2 N8d7 11. O-O Qc7 12. a4 Bxf3 13. Bxf3 e5 14. a5 Nc8 15. d5 Rd8 16. a6 Rb8 17. axb7 Rxb7 18. Qa4 c5 19. d6 Qb8 20. Nd5 Ndb6 21. Qa5 Nxd6 22. Bxc5 Ndc4 23. Qa6 Nxd5 24. Rxd5 Rxd5 25. exd5 Nd2 26. d6 Nxf3+ 27. gxf3 Qc8 28. Rc1 Bf8 29. b4 e4 30. fxe4 Qg4+ 31. Kf1 Qxe4 32. Rd1 Qh1+ 33. Ke2 Qe4+ 34. Kd2 Rd7 35. Kc3 Qf3+ 36. Qd3 Qf6+ 37. Kb3 Bg7 38. Qe2 Qc3+ 39. Ka4 Bf8 40. Qd3 Qb2 41. Qc4 Qe5 42. f4 Qe8 43. Qb5 Qe6 44. Rd2 h5 45. Qc6 Rd8 46. Qd5 Qd7+ 47. Kb3 Re8 48. f5 Kh7 49. fxg6+ fxg6 50. Rf2 Bg7 51. Rf7 Qh3+ 52. Ka4 Qxh2 53. d7 Re1 54. Rxg7+ Kxg7 55. Bf8+ Kh8 56. d8=Q Ra1+ 57. Kb5 Qe2+ 58. Qd3 a6+ 59. Kb6 1-0

[Event "WY U-16 Chess Olympiad 2019"]
[Site "Corum"]
[Date "2019.10.31"]
[Round "4"]
[White "Lin, Yi"]
[Black "Taspinar, Yanki"]
[Result "1/2-1/2"]
[WhiteElo "2425"]
[BlackElo "2010"]
[Annotator "NA"]
[PlyCount "97"]
[EventDate "2019.10.28"]
[EventType "team-tourn"]
[EventCountry "TUR"]
[SourceTitle "playchess.com"]
[Source "ChessBase"]
[SourceQuality "1"]

1. d4 d5 2. c4 e6 3. Nf3 Nf6 4. g3 dxc4 5. Bg2 Bd7 6. Ne5 Bc6 7. Nxc6 Nxc6 8. O-O Qd7 9. e3 Rd8 10. Qc2 e5 11. dxe5 Nxe5 12. Nd2 c6 13. Nxc4 Qd3 14. Qxd3 Nxd3 15. Na5 Rd7 16. Nxb7 Rxb7 17. Bxc6+ Rd7 18. Rd1 Ne5 19. Bxd7+ Nexd7 20. b3 Bc5 21. Bb2 O-O 22. Rac1 Bb6 23. Rd6 Re8 24. Bd4 Kf8 25. Bxb6 axb6 26. Rdc6 Re5 27. a4 Ra5 28. R6c4 g5 29. Kg2 Ne5 30. Rd4 g4 31. Rc7 Kg7 32. h4 Nf3 33. Rd1 Ne4 34. Rc4 Re5 35. b4 h5 36. b5 Nfd2 37. Rc2 Nb3 38. Rd3 Nec5 39. Rd6 Nxa4 40. Rc4 Nbc5 41. Rf4 Nc3 42. Rc4 N5e4 43. Rxb6 Nd1 44. Rc2 Rf5 45. Rbc6 Nexf2 46. Re2 Rxb5 47. Rxf2 Rb2 48. Kf1 f6 49. Rc5 1/2-1/2

[Event "WY U-16 Chess Olympiad 2019"]
[Site "Corum"]
[Date "2019.10.31"]
[Round "4"]
[White "Shubin, Kirill"]
[Black "Chatzieleftheriou, Andreas"]
[Result "1-0"]
[WhiteElo "2416"]
[BlackElo "2258"]
[Annotator "NA"]
[PlyCount "76"]
[EventDate "2019.10.28"]
[EventType "team-tourn"]
[EventCountry "TUR"]
[SourceTitle "playchess.com"]
[Source "ChessBase"]
[SourceQuality "1"]

1. e4 e6 2. d4 d5 3. Nc3 Bb4 4. e5 c5 5. a3 Bxc3+ 6. bxc3 Nc6 7. Qg4 g6 8. Nf3 Qa5 9. Bd2 c4 10. Be2 Nge7 11. Qf4 h6 12. h4 Bd7 13. O-O O-O-O 14. a4 Rdf8 15. Rfb1 Nf5 16. Be1 Kb8 17. Rb5 Qc7 18. Rab1 Ka8 19. g4 Ng7 20. Bd2 Na5 21. R5b4 h5 22. Bc1 hxg4 23. Qxg4 Nf5 24. Bg5 b6 25. Bf6 Rh7 26. Qg5 Nc6 27. R4b2 Rh5 28. Qf4 Qc8 29. Kg2 Qe8 30. Rh1 Na5 31. Nh2 Nxh4+ 32. Kf1 g5 33. Qg4 Rhh8 34. Bxh8 Rxh8 35. Qxg5 Ng6 36. Bh5 Bxa4 37. Ng4 Qf8 38. Ra2 Bb3 1-0

[Event "WY U-16 Chess Olympiad 2019"]
[Site "Corum"]
[Date "2019.10.31"]
[Round "4"]
[White "Ahmadzada, Ahmad"]
[Black "Rodrigue-Lemieux, Shawn"]
[Result "1/2-1/2"]
[WhiteElo "2406"]
[BlackElo "2263"]
[Annotator "NA"]
[PlyCount "70"]
[EventDate "2019.10.28"]
[EventType "team-tourn"]
[EventCountry "TUR"]
[SourceTitle "playchess.com"]
[Source "ChessBase"]
[SourceQuality "1"]

1. e4 c6 2. d4 d5 3. exd5 cxd5 4. Bd3 Nc6 5. c3 Nf6 6. Bf4 Bg4 7. Qb3 Qd7 8. Nd2 e6 9. Ngf3 Bd6 10. Bxd6 Qxd6 11. O-O O-O 12. Rfe1 Bh5 13. Ne5 Rab8 14. a4 Bg6 15. Nxg6 hxg6 16. Nf3 Nd7 17. Rad1 a6 18. Qc2 Qf4 19. Qe2 Rfe8 20. g3 Qc7 21. Ne5 Ncxe5 22. dxe5 Nc5 23. Bc2 b5 24. axb5 Rxb5 25. b4 Ne4 26. Bxe4 dxe4 27. Rc1 Qxe5 28. Qxe4 Qxe4 29. Rxe4 Rc8 30. Ra1 Rxc3 31. Rxa6 g5 32. Ra5 Rxa5 33. bxa5 Ra3 34. Re5 f6 35. Rxe6 Rxa5 1/2-1/2

[Event "WY U-16 Chess Olympiad 2019"]
[Site "Corum"]
[Date "2019.10.31"]
[Round "4"]
[White "Avila Pavas, Santiago"]
[Black "Moazaz, Dhahir Habeeb"]
[Result "1-0"]
[WhiteElo "2406"]
[BlackElo "2087"]
[Annotator "NA"]
[PlyCount "91"]
[EventDate "2019.10.28"]
[EventType "team-tourn"]
[EventCountry "TUR"]
[SourceTitle "playchess.com"]
[Source "ChessBase"]
[SourceQuality "1"]

1. Nf3 Nf6 2. c4 c6 3. g3 d5 4. Bg2 Bf5 5. O-O e6 6. cxd5 cxd5 7. Qb3 Qc8 8. Nc3 Nc6 9. d3 Be7 10. Bf4 O-O 11. Rfe1 Bg4 12. Ne5 Nxe5 13. Bxe5 Nd7 14. Bf4 Nc5 15. Qc2 Qd7 16. b4 Na6 17. a3 Rac8 18. Qb3 Bf6 19. Rac1 Rfe8 20. h3 Bh5 21. g4 Bg6 22. Bg3 Nc7 23. e4 Bxc3 24. Rxc3 d4 25. Rc4 Nb5 26. f4 f6 27. Bf2 Rxc4 28. dxc4 Nc3 29. c5 Kh8 30. e5 Bd3 31. Qb2 f5 32. Qd2 Be4 33. gxf5 exf5 34. Qxd4 Qxd4 35. Bxd4 Bxg2 36. Kxg2 Ne4 37. Kf3 Kg8 38. Ke3 Kf7 39. Rc1 Rc8 40. b5 Ke6 41. c6 b6 42. a4 g5 43. a5 Kd5 44. Bxb6 axb6 45. axb6 gxf4+ 46. Kxf4 1-0

[Event "WY U-16 Chess Olympiad 2019"]
[Site "Corum"]
[Date "2019.10.31"]
[Round "4"]
[White "Nalbant, Tuna Onat"]
[Black "Gharibyan, Mamikon"]
[Result "0-1"]
[WhiteElo "2401"]
[BlackElo "2388"]
[Annotator "NA"]
[PlyCount "115"]
[EventDate "2019.10.28"]
[EventType "team-tourn"]
[EventCountry "TUR"]
[SourceTitle "playchess.com"]
[Source "ChessBase"]
[SourceQuality "1"]

1. e4 e5 2. Nf3 Nc6 3. Bb5 a6 4. Ba4 d6 5. c3 g6 6. d4 Bd7 7. O-O Bg7 8. d5 Nce7 9. c4 b5 10. Bc2 bxc4 11. Nfd2 f5 12. f3 Nf6 13. Nc3 O-O 14. Nxc4 f4 15. Ba4 g5 16. Bxd7 Qxd7 17. Qa4 Qc8 18. h3 h5 19. Kf2 Ng6 20. Rh1 g4 21. hxg4 hxg4 22. Bd2 Qb7 23. Ke2 g3 24. Raf1 Kf7 25. Na5 Qb6 26. Nc6 Rh8 27. Qb4 Nh4 28. Qxb6 cxb6 29. Rhg1 Nd7 30. Rc1 Rhc8 31. b4 Nb8 32. b5 Ke8 33. Na4 Nd7 34. Nc3 Nc5 35. Rb1 Kd7 36. a3 Bf6 37. bxa6 Rxa6 38. Nb5 Rxc6 39. dxc6+ Kxc6 40. Rb2 Ra4 41. Nc3 Rxa3 42. Nd5 Bd8 43. Bb4 Ra8 44. Bxc5 dxc5 45. Nc3 Ra3 46. Nb5 Ra5 47. Nc3 b5 48. Rd1 Be7 49. Nd5 Bd6 50. Rh1 Nxg2 51. Rh6 c4 52. Rd2 Kc5 53. Rxd6 Ra1 54. Rb2 Kxd6 55. Rxb5 Ra2+ 56. Kf1 Nh4 57. Nc3 g2+ 58. Kg1 0-1

[Event "WY U-16 Chess Olympiad 2019"]
[Site "Corum"]
[Date "2019.10.31"]
[Round "4"]
[White "Nogerbek, Kazybek"]
[Black "Globus, Or"]
[Result "0-1"]
[WhiteElo "2387"]
[BlackElo "2371"]
[Annotator "NA"]
[PlyCount "82"]
[EventDate "2019.10.28"]
[EventType "team-tourn"]
[EventCountry "TUR"]
[SourceTitle "playchess.com"]
[Source "ChessBase"]
[SourceQuality "1"]

1. e4 c5 2. Nf3 d6 3. d4 cxd4 4. Nxd4 Nf6 5. Nc3 a6 6. Bg5 Nbd7 7. f4 e5 8. Nf3 Qb6 9. Qd2 Qxb2 10. Rb1 Qa3 11. Bc4 Qc5 12. Bd5 Be7 13. f5 Rb8 14. g4 Nxg4 15. Bxe7 Kxe7 16. Ng5 h6 17. Nf3 Ndf6 18. Rg1 Nxh2 19. Ke2 Nxf3 20. Kxf3 Rh7 21. Bb3 b5 22. Nd5+ Nxd5 23. Bxd5 Bb7 24. c4 Bxd5 25. cxd5 Rc8 26. Rgc1 Qa3+ 27. Kg2 Rhh8 28. Rc6 Rxc6 29. dxc6 Rc8 30. Rc1 Qa4 31. Kf3 b4 32. c7 Kd7 33. Rd1 Qc6 34. Qxb4 Rxc7 35. Rd3 Ke7 36. Qb8 Qc2 37. Ke3 Qc1+ 38. Rd2 Qe1+ 39. Kd3 Qf1+ 40. Re2 Qf3+ 41. Kd2 Qc3+ 0-1

[Event "WY U-16 Chess Olympiad 2019"]
[Site "Corum"]
[Date "2019.10.31"]
[Round "4"]
[White "Makarian, Rudik"]
[Black "Spyropoulos, Nikolaos"]
[Result "1/2-1/2"]
[WhiteElo "2386"]
[BlackElo "2409"]
[Annotator "NA"]
[PlyCount "89"]
[EventDate "2019.10.28"]
[EventType "team-tourn"]
[EventCountry "TUR"]
[SourceTitle "playchess.com"]
[Source "ChessBase"]
[SourceQuality "1"]

1. Nf3 d5 2. d4 Nf6 3. c4 e6 4. Nc3 c6 5. Bg5 Nbd7 6. e3 Qa5 7. Nd2 Bb4 8. Qc2 O-O 9. Be2 c5 10. dxc5 Ne4 11. Ncxe4 dxe4 12. a3 f6 13. Bh4 Nxc5 14. O-O Bxd2 15. b4 Qc7 16. bxc5 Ba5 17. Qxe4 Qxc5 18. Rab1 a6 19. Rfd1 Bc7 20. Bd3 f5 21. Qd4 Qxd4 22. exd4 Rb8 23. c5 h6 24. f3 Kf7 25. Bc4 b5 26. Ba2 g5 27. Bf2 Rd8 28. Rb2 a5 29. Re2 b4 30. axb4 axb4 31. Bb3 Ra8 32. Rde1 Re8 33. d5 Ra3 34. Bc4 Ba6 35. Bxa6 Rxa6 36. d6 Ba5 37. Bd4 b3 38. Rb1 e5 39. d7 Rd8 40. Bxe5 Rxd7 41. Rxb3 Re6 42. Kf2 Rde7 43. Rbe3 Bc7 44. Bxc7 Rxc7 45. Rc3 1/2-1/2

[Event "WY U-16 Chess Olympiad 2019"]
[Site "Corum"]
[Date "2019.10.31"]
[Round "4"]
[White "Barseghyan, Armen Ar."]
[Black "Tanriverdi, Enes"]
[Result "1-0"]
[WhiteElo "2381"]
[BlackElo "2401"]
[Annotator "NA"]
[PlyCount "97"]
[EventDate "2019.10.28"]
[EventType "team-tourn"]
[EventCountry "TUR"]
[SourceTitle "playchess.com"]
[Source "ChessBase"]
[SourceQuality "1"]

1. Nf3 Nf6 2. c4 g6 3. b3 Bg7 4. Bb2 d6 5. d4 O-O 6. g3 c5 7. Bg2 Ne4 8. O-O Nc6 9. Nbd2 f5 10. e3 e6 11. Qc2 Nb4 12. Qb1 Nxd2 13. Nxd2 e5 14. a3 Nc6 15. d5 Nb8 16. f4 e4 17. b4 b6 18. bxc5 bxc5 19. Bxg7 Kxg7 20. Qc2 Nd7 21. Rab1 h5 22. Rb2 Qa5 23. Nb3 Qa6 24. h3 Nb6 25. Rc1 Bd7 26. g4 fxg4 27. Bxe4 gxh3 28. Kh2 g5 29. fxg5 Qc8 30. Rbb1 Qe8 31. Rf1 Qe5+ 32. Kh1 Bg4 33. Nd2 Rae8 34. Rf6 Rxf6 35. gxf6+ Qxf6 36. Rf1 Qg5 37. Rf4 Nd7 38. Qb1 Rb8 39. Qf1 Ne5 40. Bf5 Rb2 41. Ne4 Qe7 42. Bxg4 hxg4 43. Ng3 Qg5 44. Qc1 Rg2 45. Qb1 Nf7 46. Qb7 Qg6 47. Nf5+ Kh7 48. Nh4 Rb2 49. Qxb2 1-0

[Event "WY U-16 Chess Olympiad 2019"]
[Site "Corum"]
[Date "2019.10.31"]
[Round "4"]
[White "Kizilkus, Akin"]
[Black "Sargsyan, Tigran R."]
[Result "1-0"]
[WhiteElo "2381"]
[BlackElo "2321"]
[Annotator "NA"]
[PlyCount "151"]
[EventDate "2019.10.28"]
[EventType "team-tourn"]
[EventCountry "TUR"]
[SourceTitle "playchess.com"]
[Source "ChessBase"]
[SourceQuality "1"]

1. d4 d5 2. c4 c6 3. Nf3 Nf6 4. Nc3 e6 5. Bg5 Nbd7 6. e3 Be7 7. Rc1 O-O 8. Bd3 dxc4 9. Bxc4 b5 10. Bd3 h6 11. Bh4 Bb7 12. O-O a6 13. a4 Rc8 14. Qe2 b4 15. Nb1 a5 16. Rfd1 Nd5 17. Bg3 N5b6 18. b3 Re8 19. Ba6 Bxa6 20. Qxa6 Ra8 21. Qb7 Qc8 22. Qxc6 Qa6 23. Ne1 Rac8 24. Qe4 Nd5 25. Qd3 Qa7 26. e4 N5b6 27. Nd2 Red8 28. Nef3 Bf6 29. Qe3 Qb7 30. h3 Rc6 31. Rxc6 Qxc6 32. Nb1 Rc8 33. Qd3 Qc2 34. Qxc2 Rxc2 35. Bf4 Rb2 36. Nbd2 Rc2 37. Kf1 Rc3 38. Ke2 Nc8 39. Rb1 Ndb6 40. Kd1 Ne7 41. Rc1 Rxc1+ 42. Kxc1 Nc6 43. Be3 Bd8 44. Kc2 f5 45. Kd3 Bc7 46. exf5 exf5 47. Nc4 Nd5 48. Bd2 Kf7 49. Nfe5+ Nxe5+ 50. dxe5 g5 51. g3 Ke6 52. Kd4 Bb8 53. f4 Ba7+ 54. Kd3 Bf2 55. fxg5 hxg5 56. Bxg5 Bxg3 57. Nxa5 Kxe5 58. Nc4+ Ke6 59. a5 Nc7 60. h4 Na6 61. h5 Nc5+ 62. Kc2 f4 63. h6 Kf7 64. Ne5+ Kg8 65. Nd3 f3 66. Be3 Na6 67. Kd2 Kh7 68. Nc5 Nc7 69. a6 Bd6 70. Ne4 Be7 71. a7 Kg6 72. Bf4 Na8 73. Ke3 f2 74. Kxf2 Bd8 75. Be3 Bc7 76. Ke2 1-0

[Event "WY U-16 Chess Olympiad 2019"]
[Site "Corum"]
[Date "2019.10.31"]
[Round "4"]
[White "Lazavik, Denis"]
[Black "Stoyanov, Tsvetan"]
[Result "1-0"]
[WhiteElo "2368"]
[BlackElo "2377"]
[Annotator "NA"]
[PlyCount "127"]
[EventDate "2019.10.28"]
[EventType "team-tourn"]
[EventCountry "TUR"]
[SourceTitle "playchess.com"]
[Source "ChessBase"]
[SourceQuality "1"]

1. d4 Nf6 2. c4 g6 3. g3 Bg7 4. Bg2 d5 5. cxd5 Nxd5 6. Nf3 Nb6 7. Nc3 Nc6 8. e3 O-O 9. O-O Re8 10. Re1 a5 11. Qe2 Be6 12. Nd2 Nb4 13. Rd1 c6 14. a3 N4d5 15. Nce4 Qc8 16. Nc5 Bg4 17. f3 Bh3 18. Nde4 Bxg2 19. Qxg2 Nc4 20. Qe2 Nd6 21. Nd3 Nf5 22. Nef2 Qe6 23. Re1 b6 24. Bd2 Qd7 25. Rad1 Qb7 26. Bc1 Rad8 27. Kg2 Nc7 28. Bd2 Nd5 29. a4 Qa6 30. Bc1 Qc4 31. g4 Nd6 32. e4 Nc7 33. e5 Nc8 34. Nf4 Qxa4 35. e6 Nd6 36. h4 Qc4 37. exf7+ Kxf7 38. N2d3 Kg8 39. h5 g5 40. Nh3 h6 41. f4 Bxd4 42. fxg5 e5 43. gxh6 Qd5+ 44. Kh2 e4 45. Ndf4 Qe5 46. Kg2 e3 47. Ng6 Qd5+ 48. Kg1 Re4 49. Rxd4 Qxd4 50. h7+ Kxh7 51. Ng5+ Kg8 52. Nxe4 Qxe4 53. Bxe3 Re8 54. Qd1 Nd5 55. Bf2 Qb4 56. Rxe8+ Nxe8 57. Qe2 Nef6 58. Qe6+ Kg7 59. Ne5 Qe4 60. g5 Qb1+ 61. Kh2 Ng4+ 62. Nxg4 Qxb2 63. h6+ Kf8 64. g6 1-0

[Event "WY U-16 Chess Olympiad 2019"]
[Site "Corum"]
[Date "2019.10.31"]
[Round "4"]
[White "Nurmamedov, Azat"]
[Black "Sahidi, Samir"]
[Result "1/2-1/2"]
[WhiteElo "2368"]
[BlackElo "2374"]
[Annotator "NA"]
[PlyCount "94"]
[EventDate "2019.10.28"]
[EventType "team-tourn"]
[EventCountry "TUR"]
[SourceTitle "playchess.com"]
[Source "ChessBase"]
[SourceQuality "1"]

1. Nf3 Nf6 2. g3 g6 3. Bg2 Bg7 4. O-O O-O 5. d4 d5 6. c4 c6 7. cxd5 cxd5 8. Nc3 Nc6 9. Ne5 Qb6 10. Nxc6 bxc6 11. b3 Nd7 12. Be3 Ba6 13. Qd2 Bb5 14. Rfc1 Rfc8 15. Rc2 e6 16. h4 a5 17. h5 a4 18. Rb1 axb3 19. Rxb3 Qa6 20. Nxb5 cxb5 21. Rxc8+ Rxc8 22. Qb2 Nb6 23. Rxb5 Nc4 24. Qb3 Nxe3 25. fxe3 Ra8 26. Rb8+ Rxb8 27. Qxb8+ Bf8 28. Qb2 gxh5 29. Bf3 Qa5 30. Kf2 Bd6 31. Qb7 h4 32. Qc8+ Kg7 33. gxh4 Be7 34. h5 Bh4+ 35. Kg2 h6 36. Qb8 Qxa2 37. Qe5+ Bf6 38. Qg3+ Bg5 39. Qe5+ Kg8 40. Qb8+ Kg7 41. e4 dxe4 42. Qe5+ Bf6 43. Qxe4 Qd2 44. Qg4+ Kf8 45. d5 exd5 46. Qf5 Qg5+ 47. Qxg5 Bxg5 1/2-1/2

[Event "WY U-16 Chess Olympiad 2019"]
[Site "Corum"]
[Date "2019.10.31"]
[Round "4"]
[White "Katopodis, Dimitrios"]
[Black "Avalyan, Artur"]
[Result "1-0"]
[WhiteElo "2353"]
[BlackElo "2395"]
[Annotator "NA"]
[PlyCount "127"]
[EventDate "2019.10.28"]
[EventType "team-tourn"]
[EventCountry "TUR"]
[SourceTitle "playchess.com"]
[Source "ChessBase"]
[SourceQuality "1"]

1. d4 Nf6 2. Nf3 d5 3. c4 e6 4. g3 dxc4 5. Bg2 a6 6. O-O Nc6 7. e3 Bd7 8. Qe2 Bd6 9. Qxc4 O-O 10. Rd1 Qe7 11. Nc3 h6 12. Qe2 Rad8 13. e4 e5 14. d5 Na7 15. h3 c6 16. Be3 Nb5 17. Nxb5 axb5 18. Bb6 Rc8 19. dxc6 Bxc6 20. Nh4 Qe6 21. Nf5 Bb8 22. h4 Kh7 23. Qe3 Bxe4 24. Bxe4 Nxe4 25. Qxe4 Qxb6 26. Ne7+ f5 27. Nxc8 Qxf2+ 28. Kxf2 fxe4+ 29. Ke3 Rxc8 30. Rac1 Rf8 31. Rf1 Rd8 32. Rcd1 Ba7+ 33. Kxe4 Bd4 34. Rf7 b6 35. Rc1 Bc5 36. Rc2 Kg6 37. Rf5 Rd1 38. h5+ Kh7 39. Rxe5 b4 40. Kf5 Rd3 41. g4 Rf3+ 42. Ke4 Rg3 43. Kf4 Rd3 44. Re4 g6 45. Ke5 Kg7 46. Ree2 gxh5 47. gxh5 b3 48. axb3 Rh3 49. Rh2 Rxb3 50. Rc3 Rb5 51. Rg2+ Kh7 52. Ke6 Rb4 53. Rd3 Re4+ 54. Kf5 Re7 55. Kf6 Rc7 56. Rgd2 Rc6+ 57. Kf7 Bb4 58. Rg2 Rc7+ 59. Ke8 Re7+ 60. Kd8 Re5 61. Rd7+ Kh8 62. Rdg7 Rd5+ 63. Kc7 Rc5+ 64. Kb7 1-0

[Event "WY U-16 Chess Olympiad 2019"]
[Site "Corum"]
[Date "2019.10.31"]
[Round "4"]
[White "Berdnyk, Mariia"]
[Black "Aydincelebi, Kagan"]
[Result "1/2-1/2"]
[WhiteElo "2349"]
[BlackElo "2285"]
[Annotator "NA"]
[PlyCount "105"]
[EventDate "2019.10.28"]
[EventType "team-tourn"]
[EventCountry "TUR"]
[SourceTitle "playchess.com"]
[Source "ChessBase"]
[SourceQuality "1"]

1. d4 d5 2. c4 dxc4 3. e3 Nf6 4. Bxc4 e6 5. Nf3 c5 6. O-O a6 7. Bb3 Be7 8. Qe2 O-O 9. Rd1 cxd4 10. Nxd4 Qc7 11. e4 b5 12. e5 Nfd7 13. Bf4 Nc6 14. Nf3 Nc5 15. Bc2 Nb4 16. a3 Nxc2 17. Qxc2 Rd8 18. Nbd2 Rd7 19. Bg5 Bb7 20. Bxe7 Rxe7 21. Rac1 Rc8 22. Nb3 Bxf3 23. gxf3 Nb7 24. Qxc7 Rexc7 25. Rxc7 Rxc7 26. Na5 g5 27. Nxb7 Rxb7 28. Rd8+ Kg7 29. Ra8 Kg6 30. Rxa6 Kf5 31. Ra5 Kf4 32. Kg2 h5 33. h4 gxh4 34. Kh3 Kxf3 35. Kxh4 Kxf2 36. Kxh5 Ke3 37. Kg5 Kd4 38. Kf6 Kc4 39. b4 Rd7 40. Ra6 Rb7 41. Ra8 Kb3 42. Ra6 Kc4 43. Ra5 Rd7 44. Ra8 Kd4 45. Rh8 Ra7 46. Rh3 Rc7 47. Rh4+ Kd5 48. Rh8 Ra7 49. Rc8 Rb7 50. Rc5+ Kd4 51. Kg5 Ke4 52. Kf6 Kd4 53. Kg5 1/2-1/2

[Event "WY U-16 Chess Olympiad 2019"]
[Site "Corum"]
[Date "2019.10.31"]
[Round "4"]
[White "Petkov, Momchil"]
[Black "Tsaruk, Maksim"]
[Result "1/2-1/2"]
[WhiteElo "2333"]
[BlackElo "2230"]
[Annotator "NA"]
[PlyCount "102"]
[EventDate "2019.10.28"]
[EventType "team-tourn"]
[EventCountry "TUR"]
[SourceTitle "playchess.com"]
[Source "ChessBase"]
[SourceQuality "1"]

1. d4 e6 2. e4 d5 3. Nd2 c5 4. Ngf3 cxd4 5. Nxd4 Nf6 6. exd5 Qxd5 7. N2f3 a6 8. Bd3 Qa5+ 9. c3 Bd6 10. O-O O-O 11. Re1 Qc7 12. Bg5 Nbd7 13. Bh4 b6 14. Bg3 Bxg3 15. hxg3 Bb7 16. Qe2 Rfe8 17. Bc2 Rad8 18. Rad1 Qb8 19. c4 e5 20. Nf5 e4 21. N3d4 g6 22. Ne3 Ne5 23. b4 Qd6 24. Ba4 Qxb4 25. Bxe8 Rxe8 26. Rb1 Qd6 27. Red1 Nd3 28. Ndc2 Nd7 29. Nb4 N7c5 30. Qd2 Qd4 31. Nbd5 Bxd5 32. Nxd5 b5 33. Qe3 Qe5 34. f4 Qd6 35. Qd4 Rd8 36. Qa1 bxc4 37. Nf6+ Kf8 38. Kh2 Qd4 39. Rb8 Qxa1 40. Rxd8+ Ke7 41. Nd5+ Kxd8 42. Rxa1 Na4 43. Kg1 c3 44. Ne3 Kd7 45. Kf1 Kc6 46. Ke2 Kc5 47. Rh1 h5 48. f5 Nb6 49. fxg6 fxg6 50. Rh4 Kd4 51. Nc2+ Ke5 1/2-1/2